Federico García Lorca para niños / (Registro nro. 11638)

Detalles MARC
000 -LIDER
fixed length control field 00939nam a22003017a 4500
001 - NÚMERO DE CONTROL
Identificador de número de control 000581
003 - IDENTIFICACDOR DE NÚMERO DE CONTROL
control field DO-SdBNP
005 - DATE AND TIME OF LATEST TRANSACTION
control field 20180126090420.0
007 - CAMPOS FIJOS DE DESCRIPCIÓN FÍSICA
fixed length control field 000581
008 - ELEMENTOS DE LONGITUD FIJA
fixed length control field 161020b 1998 sp a ||||| |||| 00| 0 spa d
020 ## - ISBN
International Standard Book Number 9788479601140
040 ## - FUENTE DE CATALOGACIÓN
Agencia que crea de manera original el registro BPMSU
Idioma de catalogación spa
Agencia que realiza la transcripción BPMSU
082 ## - NÚMERO DE CLASIFICACIÓN DECIMAL DE DEWEY
Classification number xxxx
Item number xxxx
100 1# - ASIENTO PRINCIPAL -- NOMBRE PERSONAL
Nombre personal García Lorca, Federico,
Fechas asociadas con el nombre 1898-1936.
245 10 - MENCIÓN DE TITULO
Título Federico García Lorca para niños /
Mención de responsabilidad edición preparada por Eutimio Martín ; ilustraciones de Federico García Lorca.
250 ## - MENCIÓN DE EDICION
Mención de edición 6a ed.
260 ## - PUBLICACIÓN, DISTRIBUCIÓN, ETC. (PIE DE IMPRENTA)
Lugar de publicación, distribución, etc Madrid :
Nombre del editor, distribuidor, etc. Ediciones de la Torre,
Fecha de publicación, distribución, etc 1998.
300 ## - DESCRIPCIÓN FÍSICA
Extensión 138 p. ;
Dimensiones 21 cm.
490 0# - MENCIÓN DE SERIES
Mención de serie Alba y mayo
490 1# - MENCIÓN DE SERIES
Mención de serie Poesía
Volume/sequential designation 3
500 ## - NOTA GENERAL
Nota general Incluye datos biográficos del autor en la solapa de la contracubierta.
700 1# - ASIENTO SECUNDARIO -- NOMBRE PERSONAL
Nombre personal Martín, Eutimio,
Mención de responsabilidad ed.
830 #0 - ASIENTO SECUNDARIO DE SERIE--TÍTULO UNIFORME
Título uniforme Alba y mayo.
830 #0 - ASIENTO SECUNDARIO DE SERIE--TÍTULO UNIFORME
Título uniforme Poesía
Volume number/sequential designation 3
942 ## - ADDED ENTRY ELEMENTS (KOHA)
Source of classification or shelving scheme Dewey Decimal Classification
Koha item type Libros
945 ## - INFORMACIÓN DE PROCESAMIENTO LOCAL
Información de procesamiento local Inventariado, 2018 / YL
956 ## - LOCAL ELECTRONIC LOCATION AND ACCESS (OCLC)
Nombre de host LOPEREZ
Número de acceso 10
Información de compresión BPMSU
Existencias
Withdrawn status Lost status Source of classification or shelving scheme Damaged status Not for loan Collection code Home library Current library Date acquired Source of acquisition Total Checkouts Full call number Barcode Date last seen Price effective from Koha item type
    Dewey Decimal Classification     Colección Infantil General Biblioteca Pública Metropolitana Salomé Ureña Biblioteca Pública Metropolitana Salomé Ureña 10/20/2016 Sin sellar   xxxx xxxx BPMSU16100309 10/20/2016 10/20/2016 Libros